[Event "Southend Easter U1700 rapid op 67th"]
[Site "Southend"]
[Date "2025.04.17"]
[Round "2"]
[White "Ren, Jason"]
[Black "Czarnuch, Dominic"]
[Result "1/2-1/2"]
[WhiteElo "1433"]
[BlackElo "1570"]
[PlyCount "67"]
[EventDate "2025.04.17"]
[EventType "swiss (rapid)"]
[EventRounds "6"]
[EventCountry "ENG"]
[SourceTitle "CB18_2025"]
[SourceDate "2025.04.30"]
[SourceVersion "1"]
[SourceVersionDate "2025.04.30"]
[SourceQuality "1"]

1. d4 Nf6 2. Bf4 d5 3. Nf3 Bf5 4. e3 e6 5. Bd3 Be4 6. Bxe4 Nxe4 7. Nbd2 Nxd2 8. Qxd2 c5 9. c3 Nc6 10. h4 Be7 11. 0-0-0 Rc8 12. Kb1 h6 13. g4 cxd4 14. exd4 Na5 15. Ne5 Nc4 16. Nxc4 Rxc4 17. g5 hxg5 18. hxg5 Rxh1 19. Rxh1 Kd7 20. Be3 b5 21. b3 Rc7 22. Qd3 Rb7 23. f4 g6 24. Bc1 a5 25. Bb2 Bd6 26. Rf1 Qc8 27. Bc1 a4 28. b4 Qc4 29. Qxc4 dxc4 30. Be3 Kc6 31. Kc2 Kd5 32. Kd2 Rb8 33. Rh1 Ke4 34. Rh4 1/2-1/2

[Event "BCF-ch U12"]
[Site "Hull"]
[Date "2024.07.30"]
[Round "3"]
[White "Czarnuch, Dominic"]
[Black "Shankar, Yashwardhan"]
[Result "0-1"]
[WhiteElo "1538"]
[BlackElo "1658"]
[PlyCount "130"]
[EventDate "2024.07.28"]
[EventType "swiss"]
[EventRounds "7"]
[EventCountry "ENG"]
[SourceTitle "EXT 2025"]
[Source "ChessBase"]
[SourceDate "2024.10.14"]
[SourceVersion "1"]
[SourceVersionDate "2024.10.14"]
[SourceQuality "1"]

1. d4 Nf6 2. c4 g6 3. Nc3 Bg7 4. e4 d6 5. Be3 0-0 6. h3 e5 7. dxe5 dxe5 8. Nf3 Qe7 9. Be2 c6 10. Bg5 h6 11. Bxf6 Qxf6 12. Qb3 Na6 13. Rd1 Nc5 14. Qa3 Ne6 15. 0-0 Re8 16. Na4 Nf4 17. Qe3 h5 18. Nc3 Bh6 19. Kh1 Kh7 20. Qc5 Bxh3 21. gxh3 Nxe2 22. Kg2 Nf4+ 23. Kg3 Nxh3 24. Ne2 Ng5 25. Nxg5+ Qxg5+ 26. Kh2 Qh4+ 27. Kg2 Qg4+ 28. Ng3 h4 29. Rd3 hxg3 30. Rxg3 Qxe4+ 31. f3 Qe2+ 32. Rf2 Qe3 33. Qd6 Rad8 34. Qf6 Qf4 35. Qxf4 Bxf4 36. Rh3+ Kg7 37. b4 Rh8 38. Rxh8 Rxh8 39. a4 Rh2+ 40. Kf1 Rh1+ 41. Ke2 Ra1 42. Kd3 Rxa4 43. Kc3 Be3 44. Re2 Bd4+ 45. Kb3 Ra1 46. c5 a5 47. bxa5 Rxa5 48. Rc2 Rxc5 49. Rxc5 Bxc5 50. Kc4 f5 51. Kxc5 g5 52. Kc4 b5+ 53. Kd3 b4 54. Kc4 g4 55. fxg4 fxg4 56. Kxb4 g3 57. Kc5 g2 58. Kxc6 g1Q 59. Kb5 e4 60. Ka5 Qb1 61. Ka6 e3 62. Ka7 Qb2 63. Ka8 e2 64. Ka7 e1R 65. Ka6 Ra1# 0-1

[Event "BCF-ch PM U1750 op"]
[Site "Hull"]
[Date "2024.07.30"]
[Round "2"]
[White "Eagle, Joe"]
[Black "Czarnuch, Dominic"]
[Result "0-1"]
[WhiteElo "1513"]
[BlackElo "1647"]
[PlyCount "36"]
[EventDate "2024.07.29"]
[EventType "swiss"]
[EventRounds "6"]
[EventCountry "ENG"]
[SourceTitle "CBM 221 Extra"]
[Source "ChessBase"]
[SourceDate "2024.09.30"]
[SourceVersion "1"]
[SourceVersionDate "2024.09.30"]
[SourceQuality "1"]

1. e4 c5 2. c3 e6 3. d4 d5 4. e5 Nc6 5. Nf3 Qb6 6. a3 a5 7. Bd3 Bd7 8. Bc2 Nge7 9. 0-0 Ng6 10. Nbd2 cxd4 11. cxd4 Nxd4 12. Bxg6 Nxf3+ 13. Qxf3 hxg6 14. Nb3 a4 15. Nd2 Be7 16. b4 Qd4 17. Rb1 Qxe5 18. Bb2 Qxh2# 0-1

[Event "BCF-ch U12"]
[Site "Hull"]
[Date "2024.07.29"]
[Round "2"]
[White "Dearing, Alexander"]
[Black "Czarnuch, Dominic"]
[Result "0-1"]
[WhiteElo "1040"]
[BlackElo "1538"]
[PlyCount "106"]
[EventDate "2024.07.28"]
[EventType "swiss"]
[EventRounds "7"]
[EventCountry "ENG"]
[SourceTitle "EXT 2025"]
[Source "ChessBase"]
[SourceDate "2024.10.14"]
[SourceVersion "1"]
[SourceVersionDate "2024.10.14"]
[SourceQuality "1"]

1. d4 Nf6 2. c4 e6 3. Nc3 b6 4. Bf4 Bb7 5. Nf3 Bb4 6. a3 Bxc3+ 7. bxc3 d6 8. e3 Nbd7 9. Bd3 Qe7 10. Qa4 0-0 11. Bg5 h6 12. Bxf6 Nxf6 13. 0-0 Bxf3 14. gxf3 c5 15. e4 Nh5 16. Qd1 Nf4 17. Kh1 Qh4 18. Qd2 e5 19. dxe5 dxe5 20. Rg1 Rad8 21. Rg4 Qf6 22. Rxf4 Qxf4 23. Qxf4 exf4 24. Rd1 Rd7 25. Be2 Rxd1+ 26. Bxd1 Rd8 27. Bb3 Rd3 28. Ba4 Rxf3 29. Kg1 Rxc3 30. Bb5 Rxa3 31. Bc6 f3 32. h3 Rd3 33. Bd5 a5 34. Bc6 Rb3 35. e5 Rb4 36. Bxf3 a4 37. e6 fxe6 38. Be4 a3 39. Bb1 Rxb1+ 40. Kg2 a2 41. h4 a1Q 42. h5 Rg1+ 43. Kf3 Qc3+ 44. Kf4 e5+ 45. Kf5 Qxc4 46. f4 Qxf4+ 47. Ke6 Qf6+ 48. Kd7 Rd1+ 49. Kc7 Qd6+ 50. Kb7 Qd7+ 51. Ka8 Qc6+ 52. Kb8 Rd8+ 53. Ka7 Ra8# 0-1